000 00684nam a2200205 i 4500
001 40688
003 ES-MaACL
005 20230906160306.0
007 t|
008 030306s1970 sp ||||1| spa d
080 _a946.36 S."14"(093.2)
100 1 _aGarrete Parrondo, Carlos.
_955657
245 1 0 _aContrato de unas casas entre el Cabildo de Segovia y el judio Çag de Cuéllar /
_cCarlos Carrete Parrondo.
260 _a[Madrid] :
_bInstituto Arias Montano,
_c1970.
300 _a5 p. ;
_c24 cm.
595 _aSeparata de: Sefarad, v. 30, p. 41-46
651 4 _aSegovia-
_xHistoria-
_yS.XV.
_9150162
710 2 _aInstituto "Arias Montano"
_94797
852 4 _aES-MaACL
_j2084-F-31
999 _c40688
_d40688